Langues par périphrases - Statistiques

Statistiques générales
  • Ce quiz a été pris 379 fois
    293 depuis la dernière actualisation
  • Le résultat moyen est 10 sur 16
Statistiques - réponses
Langue de... Langue % Correct
Goethe Allemand
96%
Cervantes Espagnol
95%
Homère Grec
90%
Dante Italien
88%
Moïse Hébreu
86%
Cicéron Latin
77%
Andersen Danois
76%
Ismaël Arabe
75%
Mickiewicz Polonais
72%
Camoes Portugais
68%
Chevtchenko Ukrainien
67%
Strindberg Suédois
58%
du christ Araméen
30%
Mistral Provençal
30%
Lulle Catalan
9%
Zamenhof Esperanto
7%
Aucun quiz correspondant
Distribution des résultats
% des personnes avec chaque résultat
Percentile par nombre de réponses
Votre historique - résultats
Vous n’avez pas pris ce quiz depuis la dernière actualisation